| 000 | 00372nam a22001217a 4500 | ||
|---|---|---|---|
| 082 | _a200 THE | ||
| 100 |
_aHafiz Adnan Niaz _969778 |
||
| 245 | _aTH-SOF-1400-Word Spotting in Document Image Analysis | ||
| 260 |
_aISLAMABAD _bNUST COLLEGE OF EME _c2017 |
||
| 650 |
_aMS-COMPUTER ENGINEERING-77 MSTHESIS _969779 |
||
| 700 |
_aSupervisor Dr. Usman Akram _969780 |
||
| 942 | _cCF | ||
| 999 |
_c576909 _d576909 |
||